| 000 | 00404nam a2200157Ia 4500 | ||
|---|---|---|---|
| 008 | 230524s9999 xx 000 0 und d | ||
| 082 |
_a574.191 _bDAU |
||
| 100 |
_aMichel Daune _923449 |
||
| 245 | 0 | _aMolecular Biophysics : Structures in Motion | |
| 250 | _a1ST | ||
| 260 |
_aNEW DELHI _bOxford Pub _c2004 |
||
| 300 | _aXXII;493 | ||
| 500 | _aQuantity Number: 1 | ||
| 650 | _aBiomedical | ||
| 942 | _cBK | ||
| 999 |
_c35026 _d35026 |
||